Robert Freeman
South Carolina A
Categories
History - American History | 1 | 6 | 0 | 0 | 75 | 48 | 90.14 | 3 | 7 |
History - European History | 2 | 3 | 1 | 0 | 55 | 18 | 76.00 | 4 | 5 |
History - World History | 1 | 4 | 0 | 0 | 55 | 49 | 91.40 | 3 | 5 |
British and Commonwealth History | 0 | 3 | 1 | 0 | 25 | 78 | 109.33 | 0 | 3 |
Social Science | 0 | 1 | 0 | 0 | 10 | 121 | 121.00 | 0 | 1 |
Beliefs | 0 | 1 | 0 | 0 | 10 | 74 | 74.00 | 1 | 1 |
Other Academic | 0 | 1 | 0 | 1 | 10 | 121 | 121.00 | 0 | 1 |
Ancient History and Archaeology | 0 | 1 | 0 | 0 | 10 | 112 | 112.00 | 1 | 1 |
Current Events | 0 | 1 | 1 | 0 | 5 | 117 | 117.00 | 0 | 1 |
Fine Arts - Auditory Fine Arts | 0 | 0 | 1 | 0 | -5 | 0.00 | 0 | 0 |